El Impacto económico-social y sobre las contrapartes locales de las acciones de ayuda humanitaria /

Gorde:
Xehetasun bibliografikoak
Egile nagusia: Echanove, Juan
Formatua: Texto
Gaiak:
Etiketak: Etiketa erantsi
Etiketarik gabe, Izan zaitez lehena erregistro honi etiketa jartzen!

MARC

LEADER 00000 a a2200000 04500
001 18663
003
040
100 |a Echanove, Juan  
245 |a El Impacto económico-social y sobre las contrapartes locales de las acciones de ayuda humanitaria /  |c Juan Echanove 
650 |a AYUDA HUMANITARIA  
650 |a REFUGIADOS  
650 |a CONSECUENCIAS ECONOMICAS  
650 |a CONSECUENCIAS SOCIALES  
773 |g número 46; páginas 87-96  
999 |c 32618  |d 32618